00588cam a2200205 a 45000010009000000050017000090080041000260100017000670200015000840350021000990400018001200410008001380430012001460800019001580820023001771000007002001010008002072450101002155040066003161176869820180209032443.0990810s1999 ja ab b i001 0 eng  a 99006832  a9280810316 a(DLC) 99006832 aDLCcDLCdDLC aeng af-lb--- a966.6203 ABI00a966.6203 ABI2211 a22 aPOL10aPeacekeepers, politicians, and warlords :cAbiodun Alao, John Mackinlay, and ʼFunmi Olonisakin. aIncludes bibliographical references (p. [175]-183) and index.